Statistiken für Land zu Fussballspielern

Klicken Sie hier um das Quiz zu spielen!

Allgemein

  • Dieses Quiz wurde 2.624 mal gespielt
  • Das Durchschnittsergebnis liegt bei 17 aus 20

Antwortstatistiken

TorwartVerteidigerMittelfeldspielerAngreiferLand% Korrekt
Ter StegenSüleDraxlerWernerDeutschland
99%
LlorisUmtitiKanteMbappeFrankreich
99%
CourtoisAlderweireldWitselR. LukakuBelgien
98%
PickfordMaguireHendersonRashfordEngland
98%
SchmeichelChristensenSchoneDolbergDänemark
96%
PerinFlorenziJorginhoInsigneItalien
95%
ArmaniTagliaficoLo CelsoDybalaArgentinien
93%
EdersonMarquinhosAllanWillianBrasilien
93%
KawashimaShojiShibasakiOsakoJapan
90%
LivakovicLovrenBrozovicKramaricKroatien
88%
MunirBenatiaFajrZiyechMarokko
80%
KepaCarvajalIscoMorataSpanien
80%
GünokAyhanÖzyakupBurak YilmazTürkei
79%
Rui PatricioCanceloDanilo PereiraGuedesPortugal
78%
DimitrovicKolarovZivkovicJovicSerbien
75%
MusleraGimenezBentancurCavaniUruguay
74%
OchoaSalcedoGuardadoJimenezMexiko
70%
OnanaOyongoKunde MalongEkambiKamerun
64%
UzohoTroost-EkongNdidiOnyekuruNigeria
63%
GomisKoulibalyGueyeKeita BaldeSenegal
63%

Verteilung der Resultate

Perzentil nach korrekt beantworteten Fragen

Anzahl Personen mit jedem Resultat

Ihre Resultats-Entwicklung

Sie haben dieses Quiz noch nicht gespielt